Luxury Strategy :Break the Rules of Marketing to Build Luxury Brands (Record no. 13744)

MARC details
000 -LEADER
fixed length control field 00472nam a22001697a 4500
003 - CONTROL NUMBER IDENTIFIER
control field OSt
008 - FIXED-LENGTH DATA ELEMENTS--GENERAL INFORMATION
fixed length control field 250926b |||||||| |||| 00| 0 eng d
020 ## - INTERNATIONAL STANDARD BOOK NUMBER
International Standard Book Number 9781398624269
082 ## - DEWEY DECIMAL CLASSIFICATION NUMBER
Classification number 658.8 KAL
100 ## - MAIN ENTRY--PERSONAL NAME
Personal name KAPFERER, Jean-Noël and BASTIN, Vincent
245 ## - TITLE STATEMENT
Title Luxury Strategy :Break the Rules of Marketing to Build Luxury Brands
250 ## - EDITION STATEMENT
Edition statement 3rd. ed.
260 ## - PUBLICATION, DISTRIBUTION, ETC. (IMPRINT)
Place of publication, distribution, etc London,
Name of publisher, distributor, etc Kogan Page Limited,
Date of publication, distribution, etc 2025,
300 ## - PHYSICAL DESCRIPTION
Extent 450 p.
650 ## - SUBJECT ADDED ENTRY--TOPICAL TERM
Topical term or geographic name as entry element B. FAD.
942 ## - ADDED ENTRY ELEMENTS (KOHA)
Source of classification or shelving scheme Dewey Decimal Classification
Koha item type Reference Books
Holdings
Withdrawn status Lost status Source of classification or shelving scheme Damaged status Not for loan Collection code Home library Current library Date acquired Source of acquisition Currency Cost, normal purchase price Bill Number Total Checkouts Full call number Acc. no. / Barcode Date last seen Actual Cost, discounted price Bill Date Koha item type
    Dewey Decimal Classification     Bachelor of Fashion and Apparel Design PIET NCR College Library PIET NCR College Library 21/09/2025 Zafaa Books & Distributers In Rupees 4668.70 ZBD0258   658.8 KAL N4354 26/09/2025 3361.47 21/09/2025 Reference Books

Design & Developed by: PIET Central Library
R70 Miles Stone Pattikalyana Samalkha Panipat 132102
mail ID :- [email protected], Phone No:- 0180-2569700 Ex.216